| 000 | 00535nam a2200181Ia 4500 | ||
|---|---|---|---|
| 999 |
_c14562 _d14562 |
||
| 003 | OSt | ||
| 005 | 20201117152944.0 | ||
| 008 | 190216s9999||||xx |||||||||||||| ||und|| | ||
| 020 | _a9788131733394 | ||
| 040 | _coclc | ||
| 082 |
_a425 _bLEE/S |
||
| 100 |
_aLeech, Geoffrey _96447 |
||
| 245 | 0 |
_aStudent Grammar Of Spoken And Written English / _cGeoffrey Leech |
|
| 260 |
_bPearson Education Asia, _c2011. _aUnited kingdom; |
||
| 300 | _a487p | ||
| 650 | _aEnglish | ||
| 942 |
_cBK _2ddc _h425 _iLEE/S _k425 _mLEE/S |
||